000 00394nam a2200169Ia 4500
008 090124s9999 xx 000 0 und d
082 _b232
100 _aGALSWORTHY JOHN
245 _aTHE MAN OF PROPERTY
250 _a0
300 _a315
600 _aGALSWORTHY JOHN
630 _aTHE MAN OF PROPERTY
700 _aGALSWORTHY JOHN
730 _aTHE MAN OF PROPERTY
942 _cBOOK
999 _c81569
_d81569